Historia del arte mexicano : [arte prehispánico] : fascículo 1 /

Tallennettuna:
Bibliografiset tiedot
Muut tekijät: Manrique, Jorge Alberto (coordinación general) (coordinación general)
Aineistotyyppi: Kirja
Kieli:espanja
Julkaistu: México : Salvat : Instituto Nacional de Bellas Artes, 1982, c1982
Tagit: Lisää tagi
Ei tageja, Lisää ensimmäinen tagi!

MARC

LEADER 00000nam^a2200000^a^4500
001 000561951
005 20250526000000.0
009 20260310131934.927
020 |a 967-32-0199-7 
037 |a Acervo ITESO - Biblioteca 
041 |a ESP 
091 |a FHA. 02913 
245 0 0 |a Historia del arte mexicano :  |b [arte prehispánico] : fascículo 1 / 
264 4 |a México :  |b Salvat :  |b Instituto Nacional de Bellas Artes,  |c 1982, c1982 
300 |a 20 p. +  |e 1 lámina ;  |c 30.0 cm. 
336 |a texto  |b txt  |2 rdacontenido 
337 |a sin mediación  |b n  |2 rdamedio 
338 |a volumen  |b nc  |2 rdasoporte 
515 |a Inventario familia Hartung: 1001 
649 |a XX 
700 |a Manrique, Jorge Alberto  |e (coordinación general) 
910 |a Fondo Horst Hartung Franz 
920 |a Impresos - Libros 
930 |a Libros Antiguos y Raros 
905 |a 135 
901 |a 0500333198  |b IT2  |c LRA  |i D  |u 20250526 
901 |a 0500399863  |b IT2  |c LRA  |i D  |u 20250526 
902 |a https://opac.biblio.iteso.mx/vufind/Record/000561951